Ročenka scénografie sezóna ...
| Other Authors: | , |
|---|---|
| Format: | Serial |
| Language: | Slovak English |
| PhysicalDescription: | zv. fotogr., il. 20 cm |
| Published: |
[Bratislava]
PRO SCÉNA
2012-
|
| ISBN: | 9788097126407 (brož. : 2011/2012) 9788097126414 (brož. : 2012/2013) 9788097126421 (brož. : 2013/2014) 9788097126438 (brož. : 2014/2015) 9788097126445 (brož. : 2016) |
| Subjects: |
MARC
| LEADER | 00000cas a2200000 a 4500 | ||
|---|---|---|---|
| 001 | vtls010542842 | ||
| 003 | SK-MaSNL | ||
| 005 | 20260425194301.0 | ||
| 008 | 170327c20129999xo ar| h 000 b0slo | ||
| 015 | |a SNBB2017-(r. 2011/2012, r. 2012/2013, r. 2013/2014, r. 2014/2015) | ||
| 020 | |a 9788097126407 (brož. : 2011/2012) | ||
| 020 | |a 9788097126414 (brož. : 2012/2013) | ||
| 020 | |a 9788097126421 (brož. : 2013/2014) | ||
| 020 | |a 9788097126438 (brož. : 2014/2015) | ||
| 020 | |a 9788097126445 (brož. : 2016) | ||
| 040 | |a AUBB |b slo |c AUBB |d SNK |e AACR2 | ||
| 041 | 0 | |a slo |a eng | |
| 043 | |a e-xo--- | ||
| 044 | |a xo |c SK | ||
| 072 | 7 | |a 792 |x Divadlo. Divadelné predstavenia |2 konspekt | |
| 080 | |a 050 |2 2011 | ||
| 080 | |a 792.021 |2 2011 | ||
| 080 | |a 792.021.071.1 |2 2001 | ||
| 080 | |a 792.024.2-051 |2 2001 | ||
| 080 | |a (437.6) |2 2011 | ||
| 080 | |a (058) |2 2011 | ||
| 245 | 0 | 0 | |a Ročenka scénografie |b sezóna ... |
| 246 | 1 | 1 | |a Scenography yearbook |
| 246 | 3 | 1 | |a Ročenka scénografie ... |f 2013/2014-2014/2015 |
| 246 | 3 | 1 | |a Scénografia 2016 - zborník scénografie |
| 260 | |a [Bratislava] |b PRO SCÉNA |c 2012- | ||
| 300 | |a zv. |b fotogr., il. |c 20 cm | ||
| 310 | |a 1x ročne | ||
| 362 | 0 | |a 2011/2012- | |
| 500 | |a Zostavili: 2011/2012-2012/2013, Miroslav Daubrava, Naďa Šimunová | ||
| 500 | |a Súčasťou podnázvu je označenie sezóny | ||
| 500 | |a Redaktori: 2013/2014-2014/2015, Naďa Šimunová, Miroslav Daubrava | ||
| 500 | |a Ročenka scénografie 2013/2014 má uvedený súbežný názov anglický | ||
| 500 | |a Miesto vydania uvedené na základe informácie z Národnej agentúry ISBN | ||
| 500 | |a Názov vydavateľa sa v knižničných jednotkách uvádza ako: PRO SCÉNA resp. PRO SCENA | ||
| 500 | |a Zmena názvu: Scénografia 2016 | ||
| 504 | |a Pozn. ; zoznam skratiek | ||
| 546 | |a Čiast. text angl. | ||
| 610 | 2 | 7 | |a Pro scena (občianske združenie) |2 SNKKA |9 274103 |
| 650 | 0 | 7 | |a scénografia |2 SNKPH |9 3339 |
| 650 | 0 | 7 | |a scénografi |2 SNKPH |9 76125 |
| 650 | 0 | 7 | |a kostýmoví výtvarníci |2 SNKPH |9 150982 |
| 650 | 0 | 7 | |a Scenography |2 SNKPHeng |9 274104 |
| 650 | 0 | 7 | |a Set designers |2 SNKPHeng |9 274105 |
| 650 | 0 | 7 | |a Costume design |2 SNKPHeng |9 274106 |
| 651 | 7 | |a Slovensko |2 SNKPH |9 14231 | |
| 651 | 7 | |a Slovakia |2 SNKPHeng |9 92630 | |
| 655 | 7 | |a ročenky |2 SNKPH |9 57146 | |
| 655 | 7 | |a Yearbooks |2 SNKPHeng |9 120938 | |
| 700 | 1 | |a Daubrava, Miroslav, |d 1977- |4 com |4 edt |9 274107 | |
| 700 | 1 | |a Šimunová, Naďa |4 com |4 edt |9 274108 | |
| 852 | |a Akadémia umení v Banskej Bystrici | ||
| 910 | |a aubb | ||
| 910 | |a snk | ||
| 919 | |a 978-80-971264-0-7 | ||
| 919 | |a 978-80-971264-1-4 | ||
| 919 | |a 978-80-971264-2-1 | ||
| 919 | |a 978-80-971264-3-8 | ||
| 919 | |a 978-80-971264-4-5 | ||
| 999 | |c 9501 |d 11431 | ||
| 952 | |a SNK |b SNK |y PREZ |7 0 |p 17A1205292 |o snkČSD 2485/2011-2012 |i snk2017/7595 |8 0 |0 0 |1 0 |4 0 |d 2017-03-28 |l 0 |r 2026-02-21 22:04:15 |w 2026-02-21 | ||
| 952 | |a SNK |b SNK |y PREZ |7 0 |p 17A1205293 |o snkČSD 2485/2012-2013 |i snk2017/7596 |8 0 |0 0 |1 0 |4 0 |d 2017-03-28 |l 0 |r 2026-02-21 22:04:15 |w 2026-02-21 | ||
| 952 | |a SNK |b SNK |y PREZ |7 0 |p 17A1205294 |o snkČSD 2485/2013-2014 |i snk2017/7597 |8 0 |0 0 |1 0 |4 0 |d 2017-03-28 |l 0 |r 2026-02-21 22:04:15 |w 2026-02-21 | ||
| 952 | |a SNK |b SNK |y PREZ |7 0 |p 17A1205295 |o snkČSD 2485/2014-2015 |i snk2017/7598 |8 0 |0 0 |1 0 |4 0 |d 2017-03-28 |l 0 |r 2026-02-21 22:04:15 |w 2026-02-21 | ||


